<?xml version="1.0" encoding="UTF-8"?><?xml-stylesheet type="text/xsl" href="static/style.xsl"?><OAI-PMH xmlns="http://www.openarchives.org/OAI/2.0/" xmlns:xsi="http://www.w3.org/2001/XMLSchema-instance" xsi:schemaLocation="http://www.openarchives.org/OAI/2.0/ http://www.openarchives.org/OAI/2.0/OAI-PMH.xsd"><responseDate>2026-04-14T04:24:02Z</responseDate><request verb="GetRecord" identifier="oai:www.recercat.cat:20.500.12694/7442" metadataPrefix="marc">https://recercat.cat/oai/request</request><GetRecord><record><header><identifier>oai:recercat.cat:20.500.12694/7442</identifier><datestamp>2025-12-31T09:19:48Z</datestamp><setSpec>com_2072_179042</setSpec><setSpec>col_2072_484474</setSpec></header><metadata><record xmlns="http://www.loc.gov/MARC21/slim" xmlns:dcterms="http://purl.org/dc/terms/" xmlns:xsi="http://www.w3.org/2001/XMLSchema-instance" xmlns:doc="http://www.lyncode.com/xoai" xsi:schemaLocation="http://www.loc.gov/MARC21/slim http://www.loc.gov/standards/marcxml/schema/MARC21slim.xsd">
   <leader>00925njm 22002777a 4500</leader>
   <datafield ind2=" " ind1=" " tag="042">
      <subfield code="a">dc</subfield>
   </datafield>
   <datafield ind2=" " ind1=" " tag="720">
      <subfield code="a">Ponce Real, Alejandro</subfield>
      <subfield code="e">author</subfield>
   </datafield>
   <datafield ind2=" " ind1=" " tag="260">
      <subfield code="c">2020-06</subfield>
   </datafield>
   <datafield ind2=" " ind1=" " tag="520">
      <subfield code="a">El sector professional de la cultura, i especialment el de la música en directe, es caracteritza per la seva precarietat. Les especificitats de la seva activitat, així com la naturalesa del sector, provoquen intermitència i irregularitat d'ingressos, provocant un sense fi de problemes en l'àmbit fiscal i de desprotecció sociolaboral que perpetuen la precarietat de les artistes i treballadores de la cultura. En aquest treball s'aborda la precarietat laboral del sector musical, analitzant les últimes accions legislatives, especialment l'Estatut de l'Artista, i la seva recepció en el Congrés dels Diputats espanyol. Des d’una perspectiva legislativa, així com estructural i fins i tot de classe, coneixerem la realitat a la qual s'enfronten les músiques treballadores i cap a on s'encamina el sector professional de la cultura i la música en directe.</subfield>
   </datafield>
   <datafield ind2=" " ind1=" " tag="520">
      <subfield code="a">El sector profesional de la cultura, y especialmente el de la música en directo, se caracteriza por su precariedad. Las especificidades de su actividad, así como la naturaleza del sector, provocan intermitencia e irregularidad de ingresos, provocando un sinfín de problemas a nivel fiscal y de desprotección sociolaboral que perpetúan la precariedad de las artistas y trabajadoras de la cultura. En este trabajo se aborda la precariedad laboral del sector musical, analizando las últimas acciones legislativas, especialmente el Estatuto del Artista, y su recepción en el Congreso de los Diputados español. Bajo una perspectiva legislativa, así como estructural e incluso de clase, conoceremos la realidad a la que se enfrentan las músicas trabajadoras y hacia dónde se encamina el sector profesional de la cultura y la música en directo.</subfield>
   </datafield>
   <datafield ind2=" " ind1=" " tag="520">
      <subfield code="a">The professional cultural sector, and especially that of live music, is characterized by its precariousness. The specificities of its activity, as well as the nature of the sector, cause intermittent work and irregular income, systematically creating an endless series of problems at the fiscal level and in terms of labor and social vulnerability, which perpetuate the insecurity of artists and cultural workers. This paper addresses the precariousness of the music sector by analyzing the latest legislative actions, especially the Artists’ Statute, and its reception in the Spanish Congress. From a legislative perspective, as well as from a structural and even class perspective, we will learn about the reality faced by working musicians and where the professional cultural sector and live music are heading.</subfield>
   </datafield>
   <datafield ind1="8" ind2=" " tag="024">
      <subfield code="a">http://hdl.handle.net/20.500.12694/7442</subfield>
   </datafield>
   <datafield tag="653" ind2=" " ind1=" ">
      <subfield code="a">TFG Producció i gestió</subfield>
   </datafield>
   <datafield tag="653" ind2=" " ind1=" ">
      <subfield code="a">Músics--Aspectes econòmics</subfield>
   </datafield>
   <datafield tag="653" ind2=" " ind1=" ">
      <subfield code="a">Música--Indústria i comerç--Aspectes socials</subfield>
   </datafield>
   <datafield tag="653" ind2=" " ind1=" ">
      <subfield code="a">Treball precari--Espanya</subfield>
   </datafield>
   <datafield tag="653" ind2=" " ind1=" ">
      <subfield code="a">Concerts (Execució musical)--Aspectes socials</subfield>
   </datafield>
   <datafield tag="653" ind2=" " ind1=" ">
      <subfield code="a">Entorn de treball--Músics</subfield>
   </datafield>
   <datafield tag="653" ind2=" " ind1=" ">
      <subfield code="a">Música--Dret i legislació</subfield>
   </datafield>
   <datafield ind2="0" ind1="0" tag="245">
      <subfield code="a">Ciegos a la música: nuevas perspectivas sobre la precariedad laboral en el sector musical</subfield>
   </datafield>
</record></metadata></record></GetRecord></OAI-PMH>